Engravings and their value (Record no. 2341)

MARC details
000 -CABECERA
campo de control de longitud fija 00808nam a2200241 a 4500
001 - NÚMERO DE CONTROL
campo de control BRCA_2601
005 - FECHA Y HORA DE LA ÚLTIMA TRANSACCIÓN
campo de control 20190320203902.0
008 - DATOS DE LONGITUD FIJA--INFORMACIÓN GENERAL
campo de control de longitud fija 281108s1929----enka---###---#000-0#eng-#
050 #4 - SIGNATURA TOPOGRÁFICA DE LA BIBLIOTECA DEL CONGRESO
Número de clasificación NE885
Número de documento/Ítem .S53 1929
100 1# - ENTRADA PRINCIPAL--NOMBRE DE PERSONA
Nombre de persona Slater, John Herbert
Fechas asociadas al nombre 1854-1921
9 (RLIN) 7351
245 10 - MENCIÓN DE TÍTULO
Título Engravings and their value
Resto del título a complete guide to the collection and prices of all classes of prints
Mención de responsabilidad, etc. by J. Herbert Slater.
250 ## - MENCIÓN DE EDICIÓN
Mención de edición 6
260 ## - PUBLICACIÓN, DISTRIBUCIÓN, ETC.
Lugar de publicación, distribución, etc. London
Nombre del editor, distribuidor, etc. The Bazaar, Exchange and Mart
Fecha de publicación, distribución, etc. 1929
300 ## - DESCRIPCIÓN FÍSICA
Extensión 707 p.
Otras características físicas il., 24 láminas
Dimensiones 30 cm.
500 ## - NOTA GENERAL
Nota general Incluye índice de láminas y analítico
500 ## - NOTA GENERAL
Nota general A69
650 14 - PUNTO DE ACCESO ADICIONAL DE MATERIA--TÉRMINO DE MATERIA
Término de materia o nombre geográfico como elemento de entrada Grabados
Subdivisión general Coleccionistas y colecciones
9 (RLIN) 7355
650 14 - PUNTO DE ACCESO ADICIONAL DE MATERIA--TÉRMINO DE MATERIA
Término de materia o nombre geográfico como elemento de entrada Grabadores
9 (RLIN) 7352
650 14 - PUNTO DE ACCESO ADICIONAL DE MATERIA--TÉRMINO DE MATERIA
Término de materia o nombre geográfico como elemento de entrada Grabados
Subdivisión general Precios
9 (RLIN) 7422
650 14 - PUNTO DE ACCESO ADICIONAL DE MATERIA--TÉRMINO DE MATERIA
Término de materia o nombre geográfico como elemento de entrada Grabado
Subdivisión de forma Bibliografía
9 (RLIN) 7354
902 ## - CATALOGADOR
Iniciales GFM
942 ## - ELEMENTOS DE PUNTO DE ACCESO ADICIONAL (KOHA)
Fuente del sistema de clasificación o colocación Library of Congress Classification
Tipo de ítem Koha Libros
Holdings
Estado de retiro Estado de pérdida Estado dañado No para préstamo Localización permanente Ubicación/localización actual Fecha de adquisición Número de inventario Total de préstamos Signatura topográfica completa Código de barras Fecha visto por última vez Precio válido a partir de Tipo de ítem Koha
El ejemplar forma parte de la colección y puede ser consultado según las políticas vigentes.       Biblioteca del Museo Franz Mayer (Rogerio Casas-Alatriste) Biblioteca del Museo Franz Mayer (Rogerio Casas-Alatriste) 28/11/2008 A69   NE885 .S53 1929 (A69) 2598 22/03/2019 22/03/2019 Libros